<?xml version="1.0" encoding="UTF-8"?><?xml-stylesheet type="text/xsl" href="static/style.xsl"?><OAI-PMH xmlns="http://www.openarchives.org/OAI/2.0/" xmlns:xsi="http://www.w3.org/2001/XMLSchema-instance" xsi:schemaLocation="http://www.openarchives.org/OAI/2.0/ http://www.openarchives.org/OAI/2.0/OAI-PMH.xsd"><responseDate>2026-04-17T22:03:08Z</responseDate><request verb="GetRecord" identifier="oai:www.recercat.cat:10230/26081" metadataPrefix="marc">https://recercat.cat/oai/request</request><GetRecord><record><header><identifier>oai:recercat.cat:10230/26081</identifier><datestamp>2025-12-18T01:13:58Z</datestamp><setSpec>com_2072_6</setSpec><setSpec>col_2072_452952</setSpec></header><metadata><record xmlns="http://www.loc.gov/MARC21/slim" xmlns:dcterms="http://purl.org/dc/terms/" xmlns:xsi="http://www.w3.org/2001/XMLSchema-instance" xmlns:doc="http://www.lyncode.com/xoai" xsi:schemaLocation="http://www.loc.gov/MARC21/slim http://www.loc.gov/standards/marcxml/schema/MARC21slim.xsd">
   <leader>00925njm 22002777a 4500</leader>
   <datafield ind2=" " ind1=" " tag="042">
      <subfield code="a">dc</subfield>
   </datafield>
   <datafield ind2=" " ind1=" " tag="720">
      <subfield code="a">Hjortebjerg, Dorrit</subfield>
      <subfield code="e">author</subfield>
   </datafield>
   <datafield ind2=" " ind1=" " tag="720">
      <subfield code="a">Andersen, Anne Marie Nybo</subfield>
      <subfield code="e">author</subfield>
   </datafield>
   <datafield ind2=" " ind1=" " tag="720">
      <subfield code="a">Christensen, Jeppe Schultz</subfield>
      <subfield code="e">author</subfield>
   </datafield>
   <datafield ind2=" " ind1=" " tag="720">
      <subfield code="a">Ketzel, Matthias</subfield>
      <subfield code="e">author</subfield>
   </datafield>
   <datafield ind2=" " ind1=" " tag="720">
      <subfield code="a">Raaschou‑Nielsen, Ole</subfield>
      <subfield code="e">author</subfield>
   </datafield>
   <datafield ind2=" " ind1=" " tag="720">
      <subfield code="a">Sunyer Deu, Jordi</subfield>
      <subfield code="e">author</subfield>
   </datafield>
   <datafield ind2=" " ind1=" " tag="720">
      <subfield code="a">Júlvez Calvo, Jordi</subfield>
      <subfield code="e">author</subfield>
   </datafield>
   <datafield ind2=" " ind1=" " tag="720">
      <subfield code="a">Forns i Guzman, Joan, 1981-</subfield>
      <subfield code="e">author</subfield>
   </datafield>
   <datafield ind2=" " ind1=" " tag="720">
      <subfield code="a">Sørensen, Mette</subfield>
      <subfield code="e">author</subfield>
   </datafield>
   <datafield ind2=" " ind1=" " tag="260">
      <subfield code="c">2016-04-13T14:54:57Z</subfield>
   </datafield>
   <datafield ind2=" " ind1=" " tag="260">
      <subfield code="c">2016-04-13T14:54:57Z</subfield>
   </datafield>
   <datafield ind2=" " ind1=" " tag="260">
      <subfield code="c">2016</subfield>
   </datafield>
   <datafield ind2=" " ind1=" " tag="520">
      <subfield code="a">BACKGROUND: Exposure to traffic noise has been associated with adverse effects on neuropsychological outcomes in children, but findings with regard to behavioral problems are inconsistent. OBJECTIVE: We investigated whether residential road traffic noise exposure is associated with behavioral problems in 7-year-old children. METHODS: We identified 46,940 children from the Danish National Birth Cohort with complete information on behavioral problems at 7 years of age and complete address history from conception to 7 years of age. Road traffic noise (Lden) was modeled at all present and historical addresses. Behavioral problems were assessed by the parent-reported Strengths and Difficulties Questionnaire (SDQ). Associations between pregnancy and childhood exposure to noise and behavioral problems were analyzed by multinomial or logistic regression and adjusted for potential confounders. RESULTS: A 10-dB increase in average time-weighted road traffic noise exposure from birth to 7 years of age was associated with a 7% increase (95% CI: 1.00, 1.14) in abnormal versus normal total difficulties scores; 5% (95% CI: 1.00, 1.10) and 9% (95% CI: 1.03, 1.18) increases in borderline and abnormal hyperactivity/inattention subscale scores, respectively; and 5% (95% CI: 0.98, 1.14) and 6% (95% CI: 0.99, 1.12) increases in abnormal conduct problem and peer relationship problem subscale scores, respectively. Exposure to road traffic noise during pregnancy was not associated with child behavioral problems at 7 years of age. CONCLUSIONS: Residential road traffic noise in early childhood may be associated with behavioral problems, particularly hyperactivity/inattention symptoms.</subfield>
   </datafield>
   <datafield ind2=" " ind1=" " tag="520">
      <subfield code="a">The European Research Council, EU 7th Research Framework Programme supported this study (grant 281760).The Danish National Research Foundation established  the  Danish  Epidemiology  Science  Centre that initiated and created the Danish National Birth Cohort. The cohort is furthermore a result of a major grant from this foundation. Additional support for the Danish National Birth Cohort is obtained from the Pharmacy Foundation, the Egmont Foundation, the March of Dimes Birth Defects  Foundation, the Augustinus Foundation, and the Health Foundation. The 7-year follow-up received support from the Lundbeck  Foundation (195/04) and the Danish medical Research Council (SSVF 0646)</subfield>
   </datafield>
   <datafield tag="653" ind2=" " ind1=" ">
      <subfield code="a">Contaminació acústica</subfield>
   </datafield>
   <datafield tag="653" ind2=" " ind1=" ">
      <subfield code="a">Infants -- Desenvolupament</subfield>
   </datafield>
   <datafield ind2="0" ind1="0" tag="245">
      <subfield code="a">Exposure to road traffic noise and behavioral problems in 7-year-old children: a cohort study</subfield>
   </datafield>
</record></metadata></record></GetRecord></OAI-PMH>